Mind-blowing music / (Record no. 4310)

MARC details
000 -LEADER
fixed length control field 01323nam a22002537a 4500
001 - CONTROL NUMBER
control field 4310
003 - CONTROL NUMBER IDENTIFIER
control field FISKH
005 - DATE AND TIME OF LATEST TRANSACTION
control field 20240717104407.0
008 - FIXED-LENGTH DATA ELEMENTS--GENERAL INFORMATION
fixed length control field 240717b cb ||||| |||| 00| 0 eng d
020 ## - INTERNATIONAL STANDARD BOOK NUMBER
International Standard Book Number 9780590195706
040 ## - CATALOGING SOURCE
Original cataloging agency FISKH
Language of cataloging eng
Transcribing agency FISKH
Modifying agency FISKH
050 ## - LIBRARY OF CONGRESS CALL NUMBER
Classification number ML3928.C69
082 ## - DEWEY DECIMAL CLASSIFICATION NUMBER
Classification number 780
100 ## - MAIN ENTRY--PERSONAL NAME
Personal name Cox, Michael
245 ## - TITLE STATEMENT
Title Mind-blowing music /
Statement of responsibility, etc. By Michael Cox ; illustrated by Philip Reeve
260 ## - PUBLICATION, DISTRIBUTION, ETC.
Place of publication, distribution, etc. London :
Name of publisher, distributor, etc. Scholastic,
Date of publication, distribution, etc. 1997.
300 ## - PHYSICAL DESCRIPTION
Extent 159 pages :
Other physical details illustrations ;
Dimensions 20 cm
490 ## - SERIES STATEMENT
Series statement The knowledge
520 ## - SUMMARY, ETC.
Summary, etc. Presenting a mind-blowing line-up of musical talent! Superstar Rock n' Roll legends Elvis, Chuck Berry, Little Richard! Cool classical megastars Mozart, Beethoven, Pavarotti! Mega pop legends The Beatles, The Sex Pistols, Oasis! AND many more special guests... Tune in to all sorts of COOL musical happenings, from the birth of the blues to the AMAZING invention of a sound recording machine. Get into the groove with MIND-BOGGLING musical instruments, and read about a tragedy that sparked the biggest MUSICAL EXPLOSION ever. PLUS how to become and overnight pop sensation! If you want to be in the know, get The Knowledge!
650 ## - SUBJECT ADDED ENTRY--TOPICAL TERM
Topical term or geographic name entry element History And Criticismmusic
General subdivision Music
700 ## - ADDED ENTRY--PERSONAL NAME
Personal name Reeve, Philip
Relator term illustrator
942 ## - ADDED ENTRY ELEMENTS (KOHA)
Source of classification or shelving scheme Dewey Decimal Classification
Koha item type Books
Suppress in OPAC No
Holdings
Withdrawn status Lost status Source of classification or shelving scheme Damaged status Not for loan Collection Home library Current library Shelving location Date acquired Total Checkouts Full call number Barcode Date last seen Copy number Price effective from Koha item type Date last checked out
    Dewey Decimal Classification     Non-Fiction Footprints International School Library Network Toul Kork Campus Footprints International School Library Network Toul Kork Campus A TK Campus, Comic Books (All Reading Levels), B401 Bookcase 1/2, Shelf 3 07/17/2024   COX 780 ML3928.C69 FISTKG4B049 07/17/2024 1 07/17/2024 Books  
    Dewey Decimal Classification     Non-Fiction Footprints International School Library Network Toul Tom Poung Campus Footprints International School Library Network Toul Tom Poung Campus TTP Secondary Non-Fiction Bookshelves 07/17/2024   COX 780 ML3928.C69 FISO5265 12/20/2024 2 07/17/2024 Books  
    Dewey Decimal Classification     Non-Fiction Footprints International School Library Network Toul Tom Poung Campus Footprints International School Library Network Toul Tom Poung Campus TTP Secondary Non-Fiction Bookshelves 07/17/2024 1 COX 780 ML3928.C69 FISSE00113 09/19/2025 3 07/17/2024 Books 08/19/2025